| 000 | 00599nam a2200253Ia 4500 | ||
|---|---|---|---|
| 003 | OSt | ||
| 005 | 20140426110255.0 | ||
| 008 | 140130s9999 xx 000 0 und d | ||
| 020 | _a0516238477 | ||
| 050 |
_aTH 9148 _b.K68 2002 |
||
| 100 |
_aKottke, Jan _931178 |
||
| 245 |
_aA day with firefighters / _cJan Kottke. |
||
| 260 |
_bScholastic, _c2002. _aNew York : |
||
| 300 |
_a24 p. : _bcol. ill. ; _c14 cm. |
||
| 440 |
_v1 _931174 |
||
| 521 | _aBR | ||
| 526 | _cBR | ||
| 942 |
_cBK _2lcc |
||
| 999 |
_c42094 _d42094 |
||